00573nam a2200169Ia 4500008004100000041001200041082001600053100001800069245006200087250000800149260003600157300001000193650000700203942000700210999001500217952017100232221030s9999 xx 000 0 und d aEnglish a105.23bAga aR. K. Agarwal 0aPrinciples of Electrical Machine Designcby R. K. Agarwal a4th bS.K Kataria & SonsaDelhic2006 a16.31 aEE cBK c3577d3577 pBE 9076g195.00l0o105.23 Agar2024-06-13 00:00:00w2022-10-30yBK003Print4070aMIETLIBbMIETLIBcBL-Academic Block B, FL-2, CUP-35, SH-2, R-2d2006-12-0210HBE